All the Geography I know By Letter-C - Statistics

General Stats
  • This quiz has been taken 72 times
  • The average score is 25 of 34
Answer Stats
Hint Answer % Correct
Country that only border USA Canada
100%
Capital of Egypt Cairo
96%
Capital of Australia Canberra
96%
3rd Biggest Country on Earth China
96%
Country in the Balkans Croatia
93%
Capital of Wales Cardiff
91%
Biggest city in Morocco Casablanca
91%
Country in South America Colombia
91%
Us State in the Rockies Colorado
91%
Former name of Kolkata Calcutta
88%
One of the South African Capitals Cape Town
87%
Greek Island Crete
87%
African River Congo
85%
Country on Indochina Cambodia
84%
City in Germany Cologne
84%
Another African Island Nation Comoros
82%
City in Ireland Cork
82%
Country in Central America Costa Rica
82%
French city Closest to Britain Calais
81%
City in Alberta Calgary
81%
Region of Spain Catalonia
81%
Island Country of Africa Cape Verde/Cabo Verde
79%
African Country/Meme/Name Chad
72%
Capital of Guinea Conakry
72%
City in the Above Cali
67%
City on the Yucatan Peninsula Cancun
64%
City in Benin Cotonou
52%
City in Bangladesh Chittagong
51%
City in Sicily Catania
48%
City in Peru Cuzco
46%
City in Britain Cambridge
39%
City in Romania Constanta
28%
City in Angola Cabinda
22%
City in North Korea Chongjin
12%
No matching quizzes found
Score Distribution
Percent of People with Each Score
Percentile by Number Answered
Your Score History
You have not taken this quiz